Bandiere di territori dipendenti - Statistics

Statistiche generali
  • Questo quiz è stato fatto 624 volte
  • Il punteggio medio è 28 su 51
Statistiche sulle risposte
con Immagini Risposta % Corretto
Groenlandia
87%
Hong Kong
85%
Gibilterra
84%
Guam
84%
Isola di Man
84%
Mayotte
84%
Porto Rico
84%
Aruba
82%
Isole Faroe
78%
Macao
78%
Anguilla
75%
Isole Åland
73%
Nuova Caledonia
73%
Isole Vergini americane
72%
Isole Cook
71%
Niue
67%
Samoa Americane
66%
Bermuda
65%
Isola di Natale
64%
Polinesia Francese
64%
Curaçao
63%
Guernsey
63%
Jersey
63%
Isole Cocos
62%
Guyana Francese
57%
Isola Norfolk
57%
Tokelau
55%
Bonaire
52%
Guadalupa
52%
Isole Falkland
52%
Isole Vergini britanniche
52%
Isole Marianne Settentrionali
49%
Saint-Pierre e Miquelon
47%
Montserrat
46%
Isola di Pasqua
45%
Isole Cayman
42%
Isole Pitcairn
38%
Sint Maarten
37%
Wallis e Futuna
37%
Sant'Elena
36%
Turks e Caicos
36%
Saba
35%
Ascensione
33%
Georgia del Sud
30%
Territorio Britannico dell'Oceano Indiano
29%
Martinica
28%
Saint-Barthélemy
27%
Terre Australi e Antartiche Francesi
24%
Tristan da Cunha
24%
Saint-Martin
23%
Sint Eustatius
22%
Nessun quiz corrispondente trovato
Distribuzione punteggi
Percentuale di utenti per punteggio
Percentile per numero di risposta
I tuoi punteggi nel tempo
Non hai fatto questo quiz